000 00337nam a2200145 i 4500
001 bg
100 1 _aBOGDAN, Grzegorz
245 0 _aKartoteki informacyjne /
_cGrzegorz Bogdan.
260 _aWarszawa,
_c1985.
040 _cBPK
041 _apol
080 _a002.5:651(07)
942 _cKS
008 s pl f |000 0 pol
999 _c28239
_d28239
856 _uhttp://koha.tu.koszalin.pl/cgi-bin/koha/opac-detail.pl?biblionumber=28239
_yKatalog online BPK